000 00692nam a2200253 i 4500
001 C2-0320648
003 PPAK
005 20200904055437.0
008 130109s2011 enka|||| ||||| | eng d
020 _a9781849751131
040 _aPPAK
_beng
_cPPAK
_erda
082 0 4 _a746.083
_223
090 0 0 _a746.083
_bWOR
_dR
090 2 0 _a746.083
_bWOR
_dG
100 1 _aWoram, Catherine,
_eauthor
245 1 0 _aFelt button bead
264 1 _aLondon :
_bRyland Peters & Small ,
_c2011
300 _a127 pages :
_bcolour illustrations ;
_c24 cm
336 _2rdacontent
_atext
337 _2rdamedia
_aunmediated
338 _2rdacarrier
_avolume
650 1 0 _aTextile crafts
942 _cB
_2ddc
999 _c121304
_d121304